| 000 | 00711nam a2200229 a 4500 | ||
|---|---|---|---|
| 001 | 000004845 | ||
| 005 | 20240305131824.0 | ||
| 008 | 920610s1994 sp 000 0 spa | ||
| 020 | _a8475173292 | ||
| 040 |
_aDO-SdBNP _bspa _cBNPHU |
||
| 082 |
_a861.64 _bG216f, 1994 |
||
| 100 | 1 |
_aGarcía Montero, Luis, _d1958- _914059 |
|
| 245 | 1 | 4 |
_aLas flores del frío / _cLuis García Montero ; prólogo Muñoz Molina. |
| 250 | _a2a ed. | ||
| 260 |
_aMadrid : _bHiperión, _c1994. |
||
| 300 |
_a82 p. ; _c20 cm. |
||
| 490 | 1 |
_aPoesía Hiperión _v179 |
|
| 650 | 4 |
_aPoesía española _9631 |
|
| 650 | 4 |
_aLiteratura española _9632 |
|
| 700 | 1 |
_aMolina, Muñoz, _epról. _914060 |
|
| 830 | 0 |
_aPoesía Hiperión ; _n179 _914061 |
|
| 999 |
_c4651 _d4651 |
||